00845nam a2200229 a 4500008004100000020003200041040002500073041001300098044001100111080001200122100002400134245013400158250001300292260004800305300002800353490002000381500009800401700002600499700003100525700003500556700002400591951121s1989||||[C 0 slo c c21 Kčs. q(15000 výtl.) aSNKbslocSNKeAACR21 aslohbul axocSK a886.7-31 aDilov, Ľuben4aut10aNedokončený román jednej študentkycĽuben Dilov ; Anna Sykorová, Igor Otčenáš, Jana Želibská, Dušan Junek a1., vyd. aBratislavabSmenac1989eBratislavafPravda a215 s., 13,41 AHc21 cm0 aMájvZv. 526. aIlustr. na front. Spoluvyd. Lidové nakladatelství, Mladá fronta a Naše vojsko, Praha.1 aSykorová, Anna4trl1 aOtčenáš, Igor4[ADC]1 aŽelibská, Janad1941-4bkd1 aJunek, Dušan4bkd